000 00778nam a2200241 i 4500
001 bg
245 0 0 _aKominki, piece, grille ogrodowe :
_bporadnik dla każdego /
_c[tł. z włos. Karolina Dyjas].
246 _iTyt. oryg.:
_aStufe, forni e comineti
260 _aWarszawa :
_b"Arkady",
_c2006.
300 _a95 s. :
_bil. kolor. ;
_c25 cm.
500 _aTyt. oryg.: "Stufe, forni e comineti".
650 9 _aPiec mieszkaniowy
655 _aWydawnictwa popularne
700 1 _aDYJAS, Karolina
020 _a8321344550
040 _cBPK
041 0 _apol
_hita
080 _a697(02.025.2)
920 _a83-213-4455-0
942 _cKS
008 s pl f |000 0 pol
999 _c52487
_d52487
856 _uhttp://koha.tu.koszalin.pl/cgi-bin/koha/opac-detail.pl?biblionumber=52487
_yKatalog online BPK